KOHA-Header-6

Bon Sai Sazi : Bonsai Techniques (Record no. 6105)

000 -LEADER
fixed length control field 00287nam a2200109Ia 4500
008 - FIXED-LENGTH DATA ELEMENTS--GENERAL INFORMATION
fixed length control field 190906s9999||||xx |||||||||||||| ||und||
100 ## - MAIN ENTRY--PERSONAL NAME
Personal name Saeed Mushtaq Hussain
245 #0 - TITLE STATEMENT
Title Bon Sai Sazi : Bonsai Techniques
260 ## - PUBLICATION, DISTRIBUTION, ETC. (IMPRINT)
Place of publication, distribution, etc Karachi
Name of publisher, distributor, etc Wafaqi Urdu University
Date of publication, distribution, etc 2016
300 ## - PHYSICAL DESCRIPTION
Extent 192
942 ## - ADDED ENTRY ELEMENTS (KOHA)
Koha item type Books
Holdings
Withdrawn status Lost status Damaged status Not for loan Permanent Location Current Location Date acquired Total Checkouts Full call number Barcode Date last seen Date checked out Price effective from Koha item type
        MAJU MAJU 2019-09-06 1 551.48 1210 2022-02-15 2022-02-15 2019-09-06 Books

Powered by Koha